000 00419nam a2200169Ia 4500
003 LK-CoDNM
008 010623t1918 xxu||||| |||| 00| 1 eng d
040 _aLK-CoDNM
_dLK-CoDNM
_eLK-CoDNM
041 _aeng
080 _a50
_bC8
100 _aPerera,C.L.W
_eed.
245 _aCeylon Excise Reference book
260 _bMessenger Press
_aBorella
_c1918
300 _b121P., 20 cm
650 _aGuide books
942 _cBK
999 _c89357
_d89357